00225nam a2200085Ia 4500008004100000041000800041100001200049245006600061650001200127230605s9999 xx 000 0 und d aeng aKhandge aWomens Literature in Indian Languages (1850 to 2000 ) Vol- II aG.SKILL